000 00240nam a2200097Ia 4500
001 653903
005 20250826154507.0
008 250824s9999 xx 000 0 und d
245 0 _aŞAŞI ÇIRAK
_cMESNEVİ'DEN
260 _bGENÇ HAYAT YAYINLARI
999 _c653903
_d653903